000 00653nam a22002173a 4500
005 20240823063720.0
008 010914s1999 mx r 000 0 spa d
020 _a9701820223
035 _aUPN01000111493
049 _aCG
050 4 _aTH4812
_bC3.2
100 1 _aCalvillo Unna, Jorge
245 1 3 _aLa casa ecológica /
_cJorge Calvillo Unna.
260 _aMéxico :
_bCNCA, Dirección General de Publicaciones,
_c1999.
300 _a63 p. :
_bil.
440 0 _aTercer milenio
650 4 _aArquitectura de la vivienda
_92362
650 4 _aCONSTRUCCION DE VIVIENDAS
_910394
650 4 _aINGENIERIA AMBIENTAL (EDIFICIOS)
_910395
905 _aLibro
999 _c85401
_d85401